000 00723nam a2200229 i 4500
001 bg
100 1 _aSLICK, Beth
245 1 0 _aNorton Utilities 8 dla opornych /
_cBeth Slick ; [oprac. wersji polskiej Anna Zawadzka ; przekł. uzup. z ang. Wojtek Kowal et al.].
246 _iTyt. oryg.:
_aNorton Utilities 8 for dummies
260 _aWarszawa :
_b"Read Me",
_c1994.
300 _aXXII, 340 s. :
_brys. ;
_c24 cm.
500 _aOryg. : "Norton Utilities 8 for dummies" 1993.
630 0 9 _aNorton Commander
655 _aPodręczniki
020 _a8385769730
040 _cBPK
041 1 _apl
080 _a681.322.06(07)
920 _a83-85769-73-0
942 _cKS
008 s pl f |000 0 pol
999 _c32114
_d32114
856 _uhttp://koha.tu.koszalin.pl/cgi-bin/koha/opac-detail.pl?biblionumber=32114
_yKatalog online BPK